| 000 | 00962nam a2200313 a 4500 | ||
|---|---|---|---|
| 001 | 67669 | ||
| 003 | BD-RjUL | ||
| 005 | 20211209081700.0 | ||
| 008 | 170328s2000 enka b 001 0 eng | ||
| 020 | _a0521641098 (hbk.) | ||
| 020 | _a0521646731 (pbk.) | ||
| 035 | _a(BD-RjUL)67878 | ||
| 040 |
_aDLC _cDLC _dBD-RjUL _beng |
||
| 041 | _aeng | ||
| 082 | 0 | 0 |
_a581.38 _223 _bBEG 2000 |
| 100 | 1 |
_aBell, Peter Robert. _9200622 |
|
| 245 | 1 | 0 |
_aGreen plants : _btheir origin and diversity / _cPeter R. Bell and Alan R. Hemsley. |
| 250 | _a2nd ed. | ||
| 260 |
_aNew York : _bCambridge University Press, _c2000. |
||
| 300 |
_avii, 349 p. : _bill. ; _c26 cm. |
||
| 504 | _aIncludes bibliographical references | ||
| 650 | 0 |
_aBotany. _9200623 |
|
| 650 | 0 |
_aPlants _vClassification. _9159285 |
|
| 650 | 0 |
_aPlants _xEvolution. _9200624 |
|
| 650 | 0 |
_aPlants _xVariation. _9161645 |
|
| 700 | 1 |
_aHemsley, Alan R. _9200625 |
|
| 942 |
_2ddc _cBK |
||
| 999 |
_c67669 _d67669 |
||